Verdades y errores acerca de la Talavera poblana (Record no. 2284)
[ view plain ]
| 000 -CABECERA | |
|---|---|
| campo de control de longitud fija | 00921nam a2200265 a 4500 |
| 001 - NÚMERO DE CONTROL | |
| campo de control | BRCA_2543 |
| 005 - FECHA Y HORA DE LA ÚLTIMA TRANSACCIÓN | |
| campo de control | 20190320203846.0 |
| 008 - DATOS DE LONGITUD FIJA--INFORMACIÓN GENERAL | |
| campo de control de longitud fija | 261108s1922----mx-a---###---#000-0#spa-u |
| 041 ## - CÓDIGO DE LENGUA | |
| Código de lengua del texto/banda sonora o título independiente | spa |
| 044 ## - CÓDIGO DEL PAÍS DE LA ENTIDAD EDITORA/PRODUCTORA | |
| Código MARC del país | mx |
| 050 #4 - SIGNATURA TOPOGRÁFICA DE LA BIBLIOTECA DEL CONGRESO | |
| Número de clasificación | NK4340 |
| Número de documento/Ítem | .H64 1922 |
| 100 1# - ENTRADA PRINCIPAL--NOMBRE DE PERSONA | |
| Nombre de persona | Hoffmann, Carlos C. |
| 9 (RLIN) | 7286 |
| 245 10 - MENCIÓN DE TÍTULO | |
| Título | Verdades y errores acerca de la Talavera poblana |
| Mención de responsabilidad, etc. | Carlos C. Hoffmann. |
| 260 ## - PUBLICACIÓN, DISTRIBUCIÓN, ETC. | |
| Lugar de publicación, distribución, etc. | México |
| Nombre del editor, distribuidor, etc. | Imprenta de la Secretaría de Gobernación |
| Fecha de publicación, distribución, etc. | 1922 |
| 300 ## - DESCRIPCIÓN FÍSICA | |
| Extensión | 1 v. (sin paginación) |
| Otras características físicas | il. |
| Dimensiones | 21 cm. |
| 440 #0 - MENCIÓN DE SERIE/PUNTO DE ACCESO ADICIONAL--TÍTULO | |
| Título | Société Scientifique ´Antonio Alzate´ |
| Nombre de parte o sección de la obra | Mémoires |
| Designación de volumen o secuencia | t. 40 |
| 9 (RLIN) | 7287 |
| 500 ## - NOTA GENERAL | |
| Nota general | Se cuenta con la edición original en Caja Fuerte, con el número de inventario A27 |
| 500 ## - NOTA GENERAL | |
| Nota general | Ejemplar engargolado |
| 500 ## - NOTA GENERAL | |
| Nota general | Por política no se presta a domicilio |
| 650 14 - PUNTO DE ACCESO ADICIONAL DE MATERIA--TÉRMINO DE MATERIA | |
| Término de materia o nombre geográfico como elemento de entrada | Cerámica mexicana |
| 9 (RLIN) | 7288 |
| 650 14 - PUNTO DE ACCESO ADICIONAL DE MATERIA--TÉRMINO DE MATERIA | |
| Término de materia o nombre geográfico como elemento de entrada | Talavera poblana |
| 9 (RLIN) | 1700 |
| 650 14 - PUNTO DE ACCESO ADICIONAL DE MATERIA--TÉRMINO DE MATERIA | |
| Término de materia o nombre geográfico como elemento de entrada | Cerámica |
| Subdivisión geográfica | Puebla |
| 9 (RLIN) | 7289 |
| 902 ## - CATALOGADOR | |
| Iniciales | eng |
| 942 ## - ELEMENTOS DE PUNTO DE ACCESO ADICIONAL (KOHA) | |
| Fuente del sistema de clasificación o colocación | Library of Congress Classification |
| Tipo de ítem Koha | Libros |
| Estado de retiro | Estado de pérdida | Estado dañado | No para préstamo | Localización permanente | Ubicación/localización actual | Fecha de adquisición | Total de préstamos | Signatura topográfica completa | Código de barras | Fecha visto por última vez | Precio válido a partir de | Tipo de ítem Koha |
|---|---|---|---|---|---|---|---|---|---|---|---|---|
| El ejemplar forma parte de la colección y puede ser consultado según las políticas vigentes. | Biblioteca del Museo Franz Mayer (Rogerio Casas-Alatriste) | Biblioteca del Museo Franz Mayer (Rogerio Casas-Alatriste) | 26/11/2008 | NK4340 .H64 1922 | ENG00025 | 22/03/2019 | 22/03/2019 | Libros |